[Event "Irena Warakomska Memorial B"]
[Site "Suwalki"]
[Date "2020.08.08"]
[Round "4"]
[White "Ciszewski, Krzysztof"]
[Black "Obolonin, Filipp"]
[Result "1/2-1/2"]
[Board "1"]
[WhiteElo "1728"]
[WhiteCountry "POL"]
[WhiteFideId "21853509"]
[WhiteEloChange "4"]
[BlackElo "1880"]
[BlackCountry "EST"]
[BlackFideId "4505549"]
[BlackEloChange "-4"]

1. d4 {[%clk 1:30:30]} Nf6 {[%clk 1:27:23]} 2. c4 {[%clk 1:31:23]} e6 {[%clk
1:27:49]} 3. Nc3 {[%clk 1:31:48]} Bb4 {[%clk 1:28:13]} 4. e3 {[%clk 1:32:08]} b6
{[%clk 1:28:37]} 5. f3 {[%clk 1:32:16]} Bb7 {[%clk 1:28:56]} 6. Bd3 {[%clk
1:31:59]} c5 {[%clk 1:29:18]} 7. Ne2 {[%clk 1:30:53]} cxd4 {[%clk 1:29:26]} 8.
exd4 {[%clk 1:31:14]} d5 {[%clk 1:29:50]} 9. cxd5 {[%clk 1:27:17]} Nxd5 {[%clk
1:30:01]} 10. O-O {[%clk 1:27:01]} Nd7 {[%clk 1:30:20]} 11. Qa4 {[%clk 1:21:48]}
Be7 {[%clk 1:27:35]} 12. Nxd5 {[%clk 1:16:30]} Bxd5 {[%clk 1:27:57]} 13. Nc3
{[%clk 1:15:58]} Bb7 {[%clk 1:28:13]} 14. Be4 {[%clk 1:12:58]} Bxe4 {[%clk
1:28:21]} 15. fxe4 {[%clk 1:13:00]} O-O {[%clk 1:28:44]} 16. e5 {[%clk 1:12:51]}
a6 {[%clk 1:29:10]} 17. Qd1 {[%clk 1:08:23]} b5 {[%clk 1:28:44]} 18. Qg4 {[%clk
1:08:05]} Kh8 {[%clk 1:28:37]} 19. Rf3 {[%clk 0:55:03]} f5 {[%clk 1:27:59]} 20.
exf6 {[%clk 0:44:48]} Nxf6 {[%clk 1:28:15]} 21. Qxe6 {[%clk 0:43:29]} Qxd4+
{[%clk 1:28:35]} 22. Be3 {[%clk 0:43:08]} Qd6 {[%clk 1:29:00]} 23. Qxd6 {[%clk
0:41:56]} Bxd6 {[%clk 1:29:25]} 24. Rd1 {[%clk 0:40:54]} Be5 {[%clk 1:29:47]} 25.
Bd4 {[%clk 0:40:12]} Bxd4+ {[%clk 1:29:58]} 26. Rxd4 {[%clk 0:40:34]} h6 {[%clk
1:29:52]} 27. Rfd3 {[%clk 0:35:02]} 1/2-1/2

[Event "Irena Warakomska Memorial B"]
[Site "Suwalki"]
[Date "2020.08.08"]
[Round "4"]
[White "Wolagiewicz, Kinga"]
[Black "Kaminski, Maciej"]
[Result "1/2-1/2"]
[Board "2"]
[WhiteElo "1719"]
[WhiteCountry "POL"]
[WhiteFideId "1195212"]
[WhiteEloChange "3"]
[BlackElo "1840"]
[BlackCountry "POL"]
[BlackFideId "1175521"]
[BlackEloChange "-3"]

1. e4 {[%clk 1:30:59]} c5 {[%clk 1:30:52]} 2. Nf3 {[%clk 1:31:17]} Nc6 {[%clk
1:31:17]} 3. d4 {[%clk 1:31:41]} cxd4 {[%clk 1:31:41]} 4. Nxd4 {[%clk 1:32:05]}
Nf6 {[%clk 1:32:06]} 5. Nc3 {[%clk 1:32:20]} e6 {[%clk 1:32:31]} 6. Be3 {[%clk
1:32:25]} Bb4 {[%clk 1:32:54]} 7. Bd3 {[%clk 1:32:15]} d5 {[%clk 1:32:52]} 8.
Nxc6 {[%clk 1:27:22]} bxc6 {[%clk 1:32:33]} 9. exd5 {[%clk 1:26:23]} exd5 {[%clk
1:29:33]} 10. Bd2 {[%clk 1:23:29]} O-O {[%clk 1:25:30]} 11. O-O {[%clk 1:23:26]}
Bg4 {[%clk 1:24:48]} 12. Qc1 {[%clk 1:14:15]} Bh5 {[%clk 1:21:19]} 13. Ne2 {[%clk
1:06:09]} Bxe2 {[%clk 1:14:04]} 14. Bxe2 {[%clk 1:06:23]} Bxd2 {[%clk 1:14:16]}
15. Qxd2 {[%clk 1:06:47]} Ne4 {[%clk 1:14:25]} 16. Qf4 {[%clk 1:03:13]} Qb8
{[%clk 1:11:20]} 17. Qc1 {[%clk 1:00:07]} Qe5 {[%clk 1:10:46]} 18. Bd3 {[%clk
0:57:35]} f5 {[%clk 1:01:46]} 19. c4 {[%clk 0:49:52]} f4 {[%clk 0:52:50]} 20.
cxd5 {[%clk 0:41:38]} cxd5 {[%clk 0:53:10]} 21. Bxe4 {[%clk 0:38:22]} dxe4 {[%clk
0:52:55]} 22. Qc4+ {[%clk 0:34:48]} Kh8 {[%clk 0:53:13]} 23. Rae1 {[%clk
0:32:57]} Rae8 {[%clk 0:50:01]} 24. b3 {[%clk 0:19:39]} f3 {[%clk 0:46:55]} 25.
Re3 {[%clk 0:18:36]} fxg2 {[%clk 0:21:02]} 26. Kxg2 {[%clk 0:15:41]} Re6 {[%clk
0:19:16]} 27. Rg3 {[%clk 0:10:28]} Ref6 {[%clk 0:15:34]} 28. Qc3 {[%clk 0:08:21]}
Qf5 {[%clk 0:13:22]} 29. Qe3 {[%clk 0:08:16]} R6f7 {[%clk 0:12:17]} 30. Kh1
{[%clk 0:01:25]} Rd7 {[%clk 0:08:47]} 31. Kg2 {[%clk 0:01:17]} h6 {[%clk
0:04:45]} 32. Re1 {[%clk 0:01:00]} a5 {[%clk 0:03:07]} 33. Re2 {[%clk 0:01:06]}
Re7 {[%clk 0:02:42]} 34. Kg1 {[%clk 0:01:05]} Rd8 {[%clk 0:02:02]} 35. Rd2 {[%clk
0:00:59]} Rf8 {[%clk 0:01:27]} 36. Kg2 {[%clk 0:01:09]} 1/2-1/2

[Event "Irena Warakomska Memorial B"]
[Site "Suwalki"]
[Date "2020.08.08"]
[Round "4"]
[White "Zalega, Maciej"]
[Black "Cwiek, Ryszard"]
[Result "1/2-1/2"]
[Board "4"]
[WhiteElo "1715"]
[WhiteCountry "POL"]
[WhiteFideId "21858284"]
[WhiteEloChange "4"]
[BlackElo "1867"]
[BlackCountry "POL"]
[BlackFideId "21840920"]
[BlackEloChange "-4"]

1. e4 {[%clk 1:30:56]} e6 {[%clk 1:30:38]} 2. d4 {[%clk 1:31:23]} d5 {[%clk
1:31:00]} 3. e5 {[%clk 1:31:49]} c5 {[%clk 1:30:59]} 4. c3 {[%clk 1:31:57]} Nc6
{[%clk 1:31:05]} 5. Nf3 {[%clk 1:32:00]} Qb6 {[%clk 1:31:12]} 6. a3 {[%clk
1:32:13]} c4 {[%clk 1:30:31]} 7. g3 {[%clk 1:32:00]} g6 {[%clk 1:27:12]} 8. Bg2
{[%clk 1:31:43]} Bg7 {[%clk 1:26:34]} 9. O-O {[%clk 1:31:31]} Nge7 {[%clk
1:26:17]} 10. Ne1 {[%clk 1:29:36]} Bd7 {[%clk 1:20:53]} 11. Nd2 {[%clk 1:27:10]}
Na5 {[%clk 1:20:46]} 12. f4 {[%clk 1:24:55]} Nf5 {[%clk 1:16:51]} 13. Qe2 {[%clk
1:21:06]} h5 {[%clk 1:15:43]} 14. Nc2 {[%clk 1:18:54]} Nb3 {[%clk 1:07:07]} 15.
Nxb3 {[%clk 1:18:32]} cxb3 {[%clk 1:07:07]} 16. Ne3 {[%clk 1:18:08]} Bb5 {[%clk
1:07:01]} 17. c4 {[%clk 1:17:56]} Nxd4 {[%clk 0:56:45]} 18. Qf2 {[%clk 1:17:53]}
dxc4 {[%clk 0:56:41]} 19. Rd1 {[%clk 1:16:07]} Rd8 {[%clk 0:54:24]} 20. a4 {[%clk
1:13:37]} Ba6 {[%clk 0:51:45]} 21. a5 {[%clk 1:12:45]} Qc5 {[%clk 0:50:53]} 22.
Bd2 {[%clk 1:01:48]} O-O {[%clk 0:37:01]} 23. Bf1 {[%clk 0:54:35]} Nc2 {[%clk
0:26:36]} 24. Rac1 {[%clk 0:54:22]} Nxe3 {[%clk 0:22:23]} 25. Qxe3 {[%clk
0:54:02]} Qxe3+ {[%clk 0:21:02]} 26. Bxe3 {[%clk 0:54:28]} f6 {[%clk 0:16:06]}
27. Rxd8 {[%clk 0:53:40]} Rxd8 {[%clk 0:16:34]} 28. Bxc4 {[%clk 0:53:39]} Bxc4
{[%clk 0:16:00]} 29. Rxc4 {[%clk 0:54:06]} fxe5 {[%clk 0:16:24]} 30. Rb4 {[%clk
0:47:34]} Rd3 {[%clk 0:15:07]} 31. Bxa7 {[%clk 0:48:01]} exf4 {[%clk 0:15:15]}
32. Rxb7 {[%clk 0:47:46]} Rd5 {[%clk 0:10:36]} 33. gxf4 {[%clk 0:33:22]} Rxa5
{[%clk 0:10:44]} 34. Rb8+ {[%clk 0:33:42]} 1/2-1/2

[Event "Irena Warakomska Memorial B"]
[Site "Suwalki"]
[Date "2020.08.08"]
[Round "4"]
[White "Czech, Mieczyslaw"]
[Black "Borowik, Wojciech"]
[Result "0-1"]
[Board "5"]
[WhiteElo "1863"]
[WhiteCountry "POL"]
[WhiteFideId "1118862"]
[WhiteEloChange "-13"]
[BlackElo "1761"]
[BlackCountry "POL"]
[BlackFideId "21837155"]
[BlackEloChange "13"]

1. e4 {[%clk 1:30:50]} c5 {[%clk 1:30:44]} 2. Nf3 {[%clk 1:31:16]} d6 {[%clk
1:31:08]} 3. d4 {[%clk 1:31:36]} cxd4 {[%clk 1:31:30]} 4. Nxd4 {[%clk 1:31:42]}
Nf6 {[%clk 1:31:51]} 5. Nc3 {[%clk 1:32:00]} a6 {[%clk 1:32:13]} 6. a4 {[%clk
1:29:51]} e5 {[%clk 1:27:54]} 7. Nb3 {[%clk 1:25:38]} Be6 {[%clk 1:27:34]} 8. Be2
{[%clk 1:25:28]} Be7 {[%clk 1:27:10]} 9. O-O {[%clk 1:25:27]} O-O {[%clk
1:26:44]} 10. Re1 {[%clk 1:25:01]} Nbd7 {[%clk 1:24:59]} 11. Be3 {[%clk 1:25:02]}
Qc7 {[%clk 1:24:24]} 12. f3 {[%clk 1:24:39]} Rac8 {[%clk 1:22:59]} 13. Rc1 {[%clk
1:23:55]} Rfd8 {[%clk 1:21:07]} 14. Nd5 {[%clk 1:19:47]} Nxd5 {[%clk 1:21:01]}
15. exd5 {[%clk 1:20:09]} Bf5 {[%clk 1:21:27]} 16. c4 {[%clk 1:19:07]} Bg6 {[%clk
1:16:52]} 17. Kh1 {[%clk 1:18:48]} f5 {[%clk 1:16:41]} 18. Nd2 {[%clk 1:16:25]}
f4 {[%clk 1:13:25]} 19. Bf2 {[%clk 1:16:33]} Bf5 {[%clk 1:09:38]} 20. b4 {[%clk
1:15:52]} a5 {[%clk 1:09:06]} 21. b5 {[%clk 1:11:52]} b6 {[%clk 1:08:53]} 22. Ne4
{[%clk 1:07:20]} g5 {[%clk 1:00:19]} 23. Bd3 {[%clk 1:04:42]} Bg6 {[%clk
0:59:22]} 24. h3 {[%clk 0:58:45]} Kg7 {[%clk 0:53:41]} 25. Qe2 {[%clk 0:57:54]}
Rh8 {[%clk 0:53:08]} 26. Kg1 {[%clk 0:57:47]} h5 {[%clk 0:48:21]} 27. Red1 {[%clk
0:55:35]} Rcg8 {[%clk 0:43:58]} 28. Kf1 {[%clk 0:51:52]} Kf8 {[%clk 0:43:53]} 29.
Ke1 {[%clk 0:51:02]} g4 {[%clk 0:33:34]} 30. hxg4 {[%clk 0:50:50]} hxg4 {[%clk
0:34:03]} 31. fxg4 {[%clk 0:50:38]} Rh2 {[%clk 0:33:55]} 32. Qf3 {[%clk 0:48:46]}
Bxe4 {[%clk 0:20:21]} 33. Bxe4 {[%clk 0:46:30]} Nc5 {[%clk 0:19:30]} 34. Bc2
{[%clk 0:45:47]} Bg5 {[%clk 0:15:46]} 35. Ke2 {[%clk 0:42:43]} Rgh8 {[%clk
0:11:34]} 36. Rg1 {[%clk 0:41:50]} Kf7 {[%clk 0:08:05]} 37. Kf1 {[%clk 0:39:22]}
Kg7 {[%clk 0:05:18]} 38. Bxc5 {[%clk 0:35:23]} Qxc5 {[%clk 0:00:58]} 39. Qe4
{[%clk 0:34:20]} Bh4 {[%clk 0:00:50]} 40. Qe2 {[%clk 1:02:13]} Qxg1+ {[%clk
0:30:12]} 41. Kxg1 {[%clk 1:01:26]} Rh1+ {[%clk 0:30:08]} 42. Kxh1 {[%clk
1:00:54]} Bf2+ {[%clk 0:30:02]} 0-1

[Event "Irena Warakomska Memorial B"]
[Site "Suwalki"]
[Date "2020.08.08"]
[Round "4"]
[White "Rak, Tomasz"]
[Black "Kaznowska, Weronika"]
[Result "1-0"]
[Board "9"]
[WhiteElo "1882"]
[WhiteCountry "POL"]
[WhiteFideId "1133560"]
[WhiteEloChange "3"]
[BlackElo "1594"]
[BlackCountry "POL"]
[BlackFideId "21816719"]
[BlackEloChange "-3"]

1. Nf3 {[%clk 1:30:56]} d5 {[%clk 1:30:54]} 2. d4 {[%clk 1:31:13]} e6 {[%clk
1:31:09]} 3. Bf4 {[%clk 1:31:14]} Nf6 {[%clk 1:31:06]} 4. Nbd2 {[%clk 1:31:14]}
Nbd7 {[%clk 1:28:02]} 5. e3 {[%clk 1:31:38]} b6 {[%clk 1:27:50]} 6. Bd3 {[%clk
1:29:45]} Bb7 {[%clk 1:16:55]} 7. h4 {[%clk 1:24:28]} Ne4 {[%clk 1:10:51]} 8. Ng5
{[%clk 1:24:28]} Ndf6 {[%clk 1:08:11]} 9. Ndf3 {[%clk 1:19:19]} h6 {[%clk
0:57:11]} 10. Nh3 {[%clk 1:05:33]} Ng4 {[%clk 0:45:24]} 11. h5 {[%clk 1:03:20]}
Bd6 {[%clk 0:41:45]} 12. Ne5 {[%clk 0:59:17]} Nxe5 {[%clk 0:41:45]} 13. dxe5
{[%clk 1:02:42]} Be7 {[%clk 0:39:50]} 14. Qg4 {[%clk 1:01:47]} Kf8 {[%clk
0:34:56]} 15. O-O-O {[%clk 0:57:50]} Nc5 {[%clk 0:32:41]} 16. Be2 {[%clk
0:57:20]} Qe8 {[%clk 0:31:43]} 17. Kb1 {[%clk 0:56:04]} Na4 {[%clk 0:29:45]} 18.
Ng1 {[%clk 0:46:09]} f5 {[%clk 0:27:20]} 19. Qh3 {[%clk 0:43:15]} c5 {[%clk
0:24:12]} 20. Nf3 {[%clk 0:42:08]} c4 {[%clk 0:21:18]} 21. Nd4 {[%clk 0:41:30]}
Bc5 {[%clk 0:21:26]} 22. Ka1 {[%clk 0:40:34]} Bxd4 {[%clk 0:18:09]} 23. exd4
{[%clk 0:40:34]} Rc8 {[%clk 0:18:09]} 24. c3 {[%clk 0:40:28]} Qe7 {[%clk
0:14:32]} 25. g4 {[%clk 0:38:10]} Qf7 {[%clk 0:11:15]} 26. Qg3 {[%clk 0:25:00]}
Ke7 {[%clk 0:08:07]} 27. gxf5 {[%clk 0:21:04]} exf5 {[%clk 0:08:29]} 28. Qh4+
{[%clk 0:21:10]} Kd7 {[%clk 0:08:34]} 29. Rhg1 {[%clk 0:21:09]} Rc6 {[%clk
0:08:18]} 30. Rg3 {[%clk 0:19:55]} Rg8 {[%clk 0:06:40]} 31. Rdg1 {[%clk 0:17:48]}
b5 {[%clk 0:06:13]} 32. Rg6 {[%clk 0:16:53]} Rxg6 {[%clk 0:06:23]} 33. Rxg6
{[%clk 0:17:08]} Re8 {[%clk 0:05:08]} 34. Qg3 {[%clk 0:16:54]} Kc8 {[%clk
0:03:51]} 35. Rxg7 {[%clk 0:16:04]} Qe6 {[%clk 0:03:22]} 36. Qg6 {[%clk 0:15:45]}
a5 {[%clk 0:02:03]} 37. Qxe6+ {[%clk 0:15:40]} Rxe6 {[%clk 0:02:29]} 38. Rg6
{[%clk 0:14:46]} Kd7 {[%clk 0:02:48]} 39. Rxh6 {[%clk 0:13:40]} Rxh6 {[%clk
0:02:51]} 40. Bxh6 {[%clk 0:44:04]} Ke6 {[%clk 0:33:16]} 41. Bd2 {[%clk 0:43:18]}
Kf7 {[%clk 0:32:59]} 42. b3 {[%clk 0:43:07]} Nb6 {[%clk 0:33:12]} 43. Kb2 {[%clk
0:43:18]} Bc8 {[%clk 0:32:55]} 44. Bg5 {[%clk 0:42:21]} Nd7 {[%clk 0:32:16]} 45.
Bd8 {[%clk 0:41:49]} a4 {[%clk 0:32:27]} 46. bxa4 {[%clk 0:41:57]} bxa4 {[%clk
0:32:24]} 47. Ka3 {[%clk 0:42:15]} Nf8 {[%clk 0:32:44]} 48. Kxa4 {[%clk 0:40:55]}
Ne6 {[%clk 0:32:59]} 49. Bh4 {[%clk 0:39:56]} Nf4 {[%clk 0:32:44]} 50. Bf3 {[%clk
0:39:23]} Ke6 {[%clk 0:32:12]} 51. Kb5 {[%clk 0:38:50]} Nd3 {[%clk 0:32:08]} 52.
h6 {[%clk 0:38:19]} Bd7+ {[%clk 0:31:58]} 53. Kb6 {[%clk 0:38:26]} Kf7 {[%clk
0:32:08]} 54. Bxd5+ {[%clk 0:37:47]} Kg6 {[%clk 0:32:27]} 55. e6 {[%clk 0:36:15]}
Be8 {[%clk 0:32:33]} 56. Bc6 {[%clk 0:35:59]} Bxc6 {[%clk 0:32:10]} 57. Kxc6
{[%clk 0:36:26]} Kxh6 {[%clk 0:30:45]} 58. e7 {[%clk 0:36:31]} 1-0

[Event "Irena Warakomska Memorial B"]
[Site "Suwalki"]
[Date "2020.08.08"]
[Round "4"]
[White "Widelski, Kacper"]
[Black "Stefaniuk, Zbigniew"]
[Result "1-0"]
[Board "10"]
[WhiteElo "1879"]
[WhiteCountry "POL"]
[WhiteFideId "1159950"]
[WhiteEloChange "2"]
[BlackElo "1538"]
[BlackCountry "POL"]
[BlackFideId "21894949"]
[BlackEloChange "-2"]

1. e4 {[%clk 1:30:55]} e5 {[%clk 1:30:50]} 2. Nf3 {[%clk 1:31:18]} Nf6 {[%clk
1:31:14]} 3. d4 {[%clk 1:30:15]} Nxe4 {[%clk 1:31:14]} 4. Nxe5 {[%clk 1:28:45]}
d5 {[%clk 1:30:02]} 5. Bd3 {[%clk 1:24:16]} Nd7 {[%clk 1:27:46]} 6. O-O {[%clk
1:05:30]} Nxe5 {[%clk 1:25:41]} 7. dxe5 {[%clk 1:04:30]} Nc5 {[%clk 1:25:20]} 8.
Be2 {[%clk 1:03:11]} Be7 {[%clk 1:24:14]} 9. Be3 {[%clk 1:00:39]} O-O {[%clk
1:20:48]} 10. c3 {[%clk 0:57:32]} Bf5 {[%clk 1:18:35]} 11. Na3 {[%clk 0:44:06]}
Ne6 {[%clk 1:14:26]} 12. Qb3 {[%clk 0:31:38]} c6 {[%clk 1:08:41]} 13. Nc2 {[%clk
0:28:05]} Qc7 {[%clk 1:02:57]} 14. f4 {[%clk 0:26:29]} Nc5 {[%clk 0:59:07]} 15.
Bxc5 {[%clk 0:26:18]} Bxc5+ {[%clk 0:57:22]} 16. Nd4 {[%clk 0:25:20]} Qb6 {[%clk
0:50:58]} 17. Qxb6 {[%clk 0:25:14]} Bxb6 {[%clk 0:50:39]} 18. Kh1 {[%clk
0:24:27]} Bxd4 {[%clk 0:50:15]} 19. cxd4 {[%clk 0:24:49]} Rfe8 {[%clk 0:48:31]}
20. Rac1 {[%clk 0:22:44]} Re6 {[%clk 0:45:59]} 21. Bf3 {[%clk 0:21:11]} Rg6
{[%clk 0:36:25]} 22. h3 {[%clk 0:20:21]} Re8 {[%clk 0:28:40]} 23. Rc3 {[%clk
0:19:02]} f6 {[%clk 0:26:36]} 24. Bh5 {[%clk 0:19:11]} Be4 {[%clk 0:26:13]} 25.
Bxg6 {[%clk 0:19:36]} hxg6 {[%clk 0:26:32]} 26. Ra3 {[%clk 0:18:55]} a6 {[%clk
0:25:38]} 27. Kg1 {[%clk 0:16:36]} f5 {[%clk 0:25:18]} 28. Kf2 {[%clk 0:16:20]}
Re7 {[%clk 0:25:22]} 29. Rc1 {[%clk 0:16:11]} Kf8 {[%clk 0:25:24]} 30. h4 {[%clk
0:15:45]} Ke8 {[%clk 0:24:58]} 31. Rh1 {[%clk 0:15:10]} Re6 {[%clk 0:24:09]} 32.
Rb3 {[%clk 0:15:17]} Re7 {[%clk 0:21:28]} 33. h5 {[%clk 0:15:08]} Kf7 {[%clk
0:21:11]} 34. h6 {[%clk 0:14:55]} Kg8 {[%clk 0:21:02]} 35. hxg7 {[%clk 0:15:13]}
Rxg7 {[%clk 0:21:03]} 36. Rbh3 {[%clk 0:15:30]} g5 {[%clk 0:20:58]} 37. Rh8+
{[%clk 0:15:11]} Kf7 {[%clk 0:21:16]} 38. R1h7 {[%clk 0:15:16]} gxf4 {[%clk
0:21:22]} 39. Rxg7+ {[%clk 0:15:40]} Kxg7 {[%clk 0:21:41]} 40. Rb8 {[%clk
0:46:06]} b5 {[%clk 0:51:42]} 41. Rb6 {[%clk 0:46:16]} a5 {[%clk 0:51:26]} 42.
Rxc6 {[%clk 0:46:24]} Bb1 {[%clk 0:51:08]} 43. Rc5 {[%clk 0:45:33]} Bxa2 {[%clk
0:51:25]} 44. Rxb5 {[%clk 0:45:57]} a4 {[%clk 0:51:42]} 45. Ra5 {[%clk 0:46:19]}
Bb3 {[%clk 0:51:54]} 46. Kf3 {[%clk 0:46:44]} Kf7 {[%clk 0:51:49]} 47. Kxf4
{[%clk 0:47:07]} Ke6 {[%clk 0:52:02]} 48. Ra6+ {[%clk 0:47:31]} 1-0

[Event "Irena Warakomska Memorial B"]
[Site "Suwalki"]
[Date "2020.08.08"]
[Round "4"]
[White "Wierzbicki, Michal"]
[Black "Borowik, Karol"]
[Result "1-0"]
[Board "11"]
[WhiteElo "1849"]
[WhiteCountry "POL"]
[WhiteFideId "1185152"]
[WhiteEloChange "2"]
[BlackElo "1472"]
[BlackCountry "POL"]
[BlackFideId "21837147"]
[BlackEloChange "-2"]

1. d4 {[%clk 1:30:58]} Nf6 {[%clk 1:30:56]} 2. Nf3 {[%clk 1:31:24]} g6 {[%clk
1:31:22]} 3. c4 {[%clk 1:31:36]} Bg7 {[%clk 1:31:22]} 4. Nc3 {[%clk 1:32:00]} O-O
{[%clk 1:31:58]} 5. Bg5 {[%clk 1:31:32]} d6 {[%clk 1:28:46]} 6. e3 {[%clk
1:31:55]} c6 {[%clk 1:23:24]} 7. Be2 {[%clk 1:31:57]} Nbd7 {[%clk 1:18:58]} 8.
O-O {[%clk 1:32:07]} a6 {[%clk 1:16:19]} 9. a4 {[%clk 1:29:58]} b6 {[%clk
1:07:13]} 10. Qc2 {[%clk 1:24:49]} Bb7 {[%clk 1:07:13]} 11. Rfd1 {[%clk 1:23:14]}
Qc7 {[%clk 0:49:16]} 12. Nd2 {[%clk 1:10:35]} Rac8 {[%clk 0:34:01]} 13. f4 {[%clk
1:08:07]} Rfe8 {[%clk 0:27:23]} 14. Bh4 {[%clk 0:51:43]} h6 {[%clk 0:23:06]} 15.
f5 {[%clk 0:46:46]} g5 {[%clk 0:19:25]} 16. Bg3 {[%clk 0:46:02]} e5 {[%clk
0:14:01]} 17. fxe6 {[%clk 0:44:05]} fxe6 {[%clk 0:13:43]} 18. Nde4 {[%clk
0:43:05]} Nxe4 {[%clk 0:12:50]} 19. Nxe4 {[%clk 0:43:29]} e5 {[%clk 0:12:54]} 20.
dxe5 {[%clk 0:42:52]} Bxe5 {[%clk 0:07:44]} 21. Nxd6 {[%clk 0:41:42]} Bxd6 {[%clk
0:06:43]} 22. Qg6+ {[%clk 0:41:17]} Kh8 {[%clk 0:06:36]} 23. Qxh6+ {[%clk
0:40:58]} Kg8 {[%clk 0:07:02]} 24. Qxg5+ {[%clk 0:40:06]} Kh8 {[%clk 0:07:19]}
25. Rxd6 {[%clk 0:39:18]} 1-0

[Event "Irena Warakomska Memorial B"]
[Site "Suwalki"]
[Date "2020.08.08"]
[Round "4"]
[White "Palejko, Maria"]
[Black "Sapeta, Robert"]
[Result "0-1"]
[Board "15"]
[WhiteElo "1263"]
[WhiteCountry "POL"]
[WhiteFideId "21838208"]
[WhiteEloChange "-2"]
[BlackElo "1895"]
[BlackCountry "POL"]
[BlackFideId "1118676"]
[BlackEloChange "2"]

1. e4 {[%clk 1:30:30]} c5 {[%clk 1:30:30]} 2. Nf3 {[%clk 1:30:30]} e6 {[%clk
1:30:30]} 3. d4 {[%clk 1:30:30]} cxd4 {[%clk 1:30:30]} 4. Nxd4 {[%clk 1:30:30]}
Nf6 {[%clk 1:30:30]} 5. Bd3 {[%clk 1:30:30]} a6 {[%clk 1:30:30]} 6. O-O {[%clk
1:30:30]} Qc7 {[%clk 1:30:30]} 7. Nc3 {[%clk 1:30:30]} b5 {[%clk 1:30:30]} 8. Be3
{[%clk 1:30:30]} Bb7 {[%clk 1:30:30]} 9. f4 {[%clk 1:30:30]} b4 {[%clk 1:30:30]}
10. e5 {[%clk 1:30:30]} bxc3 {[%clk 1:30:30]} 11. exf6 {[%clk 1:30:30]} gxf6
{[%clk 1:30:30]} 12. b3 {[%clk 1:30:30]} Nc6 {[%clk 1:30:30]} 13. Ne2 {[%clk
1:30:30]} Nb4 {[%clk 1:30:30]} 14. Ng3 {[%clk 1:30:30]} Nd5 {[%clk 1:30:30]} 15.
Bc1 {[%clk 1:30:30]} f5 {[%clk 1:30:30]} 16. Qe2 {[%clk 1:30:30]} O-O-O {[%clk
1:30:30]} 17. Bxa6 {[%clk 1:30:30]} Qb6+ {[%clk 1:30:30]} 18. Qf2 {[%clk
1:30:30]} Bc5 {[%clk 1:30:30]} 19. Bxb7+ {[%clk 1:30:30]} Kxb7 {[%clk 1:30:30]}
20. a4 {[%clk 1:30:30]} Bxf2+ {[%clk 1:30:30]} 21. Rxf2 {[%clk 1:30:30]} Qd4
{[%clk 1:30:30]} 22. Ba3 {[%clk 1:30:30]} Rhg8 {[%clk 1:30:30]} 23. a5 {[%clk
1:30:30]} Rxg3 {[%clk 1:30:30]} 24. hxg3 {[%clk 1:30:30]} Ne3 {[%clk 1:30:30]}
25. a6+ {[%clk 1:30:30]} Ka8 {[%clk 1:30:30]} 26. Be7 {[%clk 1:30:30]} Rg8 {[%clk
1:30:30]} 27. Ra4 {[%clk 1:30:30]} Qd1+ {[%clk 1:30:30]} 28. Kh2 {[%clk 1:30:30]}
Ng4+ {[%clk 1:30:30]} 29. Kh3 {[%clk 1:30:30]} Qh1# {[%clk 1:30:30]} 0-1

[Event "Irena Warakomska Memorial B"]
[Site "Suwalki"]
[Date "2020.08.08"]
[Round "4"]
[White "Wasik, Jozef"]
[Black "Gladyszewska, Kinga"]
[Result "1-0"]
[Board "16"]
[WhiteElo "1646"]
[WhiteCountry "POL"]
[WhiteFideId "1119982"]
[WhiteEloChange "2"]
[BlackElo "1298"]
[BlackCountry "POL"]
[BlackFideId "21881677"]
[BlackEloChange "-2"]

1. d4 {[%clk 1:30:30]} d5 {[%clk 1:30:30]} 2. Bf4 {[%clk 1:30:30]} Nf6 {[%clk
1:30:30]} 3. e3 {[%clk 1:30:30]} e6 {[%clk 1:30:30]} 4. Nd2 {[%clk 1:30:30]} h6
{[%clk 1:30:30]} 5. Bd3 {[%clk 1:30:30]} Bd6 {[%clk 1:30:30]} 6. Bg3 {[%clk
1:30:30]} Bxg3 {[%clk 1:30:30]} 7. hxg3 {[%clk 1:30:30]} Nc6 {[%clk 1:30:30]} 8.
f4 {[%clk 1:30:30]} Bd7 {[%clk 1:30:30]} 9. c3 {[%clk 1:30:30]} Qe7 {[%clk
1:30:30]} 10. Ngf3 {[%clk 1:30:30]} Na5 {[%clk 1:30:30]} 11. Ne5 {[%clk 1:30:30]}
Nc6 {[%clk 1:30:30]} 12. b4 {[%clk 1:30:30]} Nxe5 {[%clk 1:30:30]} 13. fxe5
{[%clk 1:30:30]} Nh7 {[%clk 1:30:30]} 14. Qc2 {[%clk 1:30:30]} Ng5 {[%clk
1:30:30]} 15. a4 {[%clk 1:30:30]} a6 {[%clk 1:30:30]} 16. O-O {[%clk 1:30:30]}
O-O {[%clk 1:30:30]} 17. b5 {[%clk 1:30:30]} axb5 {[%clk 1:30:30]} 18. axb5
{[%clk 1:30:30]} c5 {[%clk 1:30:30]} 19. c4 {[%clk 1:30:30]} Rac8 {[%clk
1:30:30]} 20. Qb3 {[%clk 1:30:30]} dxc4 {[%clk 1:30:30]} 21. Nxc4 {[%clk
1:30:30]} Rb8 {[%clk 1:30:30]} 22. Nd6 {[%clk 1:30:30]} cxd4 {[%clk 1:30:30]} 23.
exd4 {[%clk 1:30:30]} Qd8 {[%clk 1:30:30]} 24. Qc4 {[%clk 1:30:30]} Qb6 {[%clk
1:30:30]} 25. Qc5 {[%clk 1:30:30]} Qd8 {[%clk 1:30:30]} 26. Rfc1 {[%clk 1:30:30]}
f6 {[%clk 1:30:30]} 27. Qc7 {[%clk 1:30:30]} b6 {[%clk 1:30:30]} 28. Ra7 {[%clk
1:30:30]} Qxc7 {[%clk 1:30:30]} 29. Rcxc7 {[%clk 1:30:30]} Be8 {[%clk 1:30:30]}
30. Rxg7+ {[%clk 1:30:30]} Kh8 {[%clk 1:30:30]} 31. Rab7 {[%clk 1:30:30]} Bh5
{[%clk 1:30:30]} 32. exf6 {[%clk 1:30:30]} Rbd8 {[%clk 1:30:30]} 33. Rgd7 {[%clk
1:30:30]} Rb8 {[%clk 1:30:30]} 34. Ne4 {[%clk 1:30:30]} Nxe4 {[%clk 1:30:30]} 35.
Rh7+ {[%clk 1:30:30]} Kg8 {[%clk 1:30:30]} 36. Rbg7# {[%clk 1:30:30]} 1-0

[Event "Irena Warakomska Memorial B"]
[Site "Suwalki"]
[Date "2020.08.08"]
[Round "4"]
[White "Kolcon, Waclaw"]
[Black "Siekanska, Zuzanna"]
[Result "0-1"]
[Board "17"]
[WhiteElo "1235"]
[WhiteCountry "POL"]
[WhiteFideId "21079129"]
[WhiteEloChange "-2"]
[BlackElo "1633"]
[BlackCountry "POL"]
[BlackFideId "21852537"]
[BlackEloChange "2"]

1. e4 {[%clk 1:30:30]} c5 {[%clk 1:30:30]} 2. Ne2 {[%clk 1:30:30]} e6 {[%clk
1:30:30]} 3. Nbc3 {[%clk 1:30:30]} d6 {[%clk 1:30:30]} 4. g3 {[%clk 1:30:30]} Nc6
{[%clk 1:30:30]} 5. Bg2 {[%clk 1:30:30]} Bd7 {[%clk 1:30:30]} 6. d3 {[%clk
1:30:30]} Be7 {[%clk 1:30:30]} 7. O-O {[%clk 1:30:30]} Nf6 {[%clk 1:30:30]} 8. h3
{[%clk 1:30:30]} Rb8 {[%clk 1:30:30]} 9. Be3 {[%clk 1:30:30]} b5 {[%clk 1:30:30]}
10. Qd2 {[%clk 1:30:30]} b4 {[%clk 1:30:30]} 11. Nd1 {[%clk 1:30:30]} d5 {[%clk
1:30:30]} 12. c3 {[%clk 1:30:30]} O-O {[%clk 1:30:30]} 13. f4 {[%clk 1:30:30]}
Qc7 {[%clk 1:30:30]} 14. e5 {[%clk 1:30:30]} Ne8 {[%clk 1:30:30]} 15. d4 {[%clk
1:30:30]} bxc3 {[%clk 1:30:30]} 16. bxc3 {[%clk 1:30:30]} cxd4 {[%clk 1:30:30]}
17. cxd4 {[%clk 1:30:30]} Qa5 {[%clk 1:30:30]} 18. Ndc3 {[%clk 1:30:30]} Nc7
{[%clk 1:30:30]} 19. Rab1 {[%clk 1:30:30]} Bb4 {[%clk 1:30:30]} 20. Qd3 {[%clk
1:30:30]} Rb6 {[%clk 1:30:30]} 21. Rb3 {[%clk 1:30:30]} Qa6 {[%clk 1:30:30]} 22.
Qxa6 {[%clk 1:30:30]} Nxa6 {[%clk 1:30:30]} 23. Rfb1 {[%clk 1:30:30]} Na5 {[%clk
1:30:30]} 0-1